Outplacement nezahrnuje jenom propouštění

Skúsenosti s outplacementom vo Veľkej Británii. Dôležitosť firemnej kultúry. Prepúšťanie manažérov.

Gespeichert in:
Bibliographische Detailangaben
1. Verfasser: Vacková, Marcela
Format: Buchkapitel
Sprache:Tschechisch
Schlagworte:
Tags: Tag hinzufügen
Keine Tags, Fügen Sie das erste Tag hinzu!

MARC

LEADER 00000naa a2200000 4500
001 0132414
005 20231019115636.2
041 0 |a cze 
044 |a CZ 
245 1 0 |a Outplacement nezahrnuje jenom propouštění  |c Marcela Vacková 
520 |a Skúsenosti s outplacementom vo Veľkej Británii. Dôležitosť firemnej kultúry. Prepúšťanie manažérov. 
610 2 0 |a prepúšťanie pracovníkov 
610 2 0 |a kultúra podniková 
100 1 |a Vacková, Marcela